书目信息 |
| 题名: |
音乐
|
|
| 作者: | 麻名艳 , 罗秋怡 主编 | |
| 分册: | ||
| 出版信息: | 北京 科学出版社 2019.12 |
|
| 页数: | 159页 | |
| 开本: | 26cm | |
| 丛书名: | ||
| 单 册: | ||
| 中图分类: | J6 | |
| 科图分类: | ||
| 主题词: | 音乐--中等专业教育--教材 , 音乐 | |
| 电子资源: | ||
| ISBN: | 978-7-03-024682-0 | |
| 000 | 00874nam0 2200265 45 | |
| 001 | 012001001378 | |
| 005 | 20130911110504.0 | |
| 010 | @a978-7-03-024682-0@dCNY30.00 | |
| 100 | @a20090915d2009 em y0chiy0110 ea | |
| 101 | 0 | @achi |
| 102 | @aCN@b110000 | |
| 105 | @aa z 000yy | |
| 106 | @ar | |
| 200 | 1 | @a音乐@Ayin yue@f麻名艳, 罗秋怡主编 |
| 210 | @a北京@c科学出版社@d2019.12 | |
| 215 | @a159页@c图@d26cm | |
| 300 | @a中等职业教育“十一五”规划教材 公共课教材系列 | |
| 330 | @a本书主要包括乐理和视唱、歌曲演唱、美妙的人声欣赏、歌唱与指挥、中外民歌欣赏、器乐简介与器乐曲欣赏、音乐剧与舞剧欣赏、影视音乐欣赏、经典唱片欣赏等10个章节。 | |
| 606 | 0 | @a音乐@x中等专业教育@j教材 |
| 606 | 0 | @a音乐 |
| 690 | @aJ6@v5 | |
| 701 | 0 | @a麻名艳@Ama ming yan@4主编 |
| 701 | 0 | @a罗秋怡@Aluo qiu yi@4主编 |
| 801 | @aCN@b江苏凤凰@c20211018 | |
| 905 | @b1343273-6@dJ6@e1330@f4 | |
| 音乐/麻名艳, 罗秋怡主编.-北京:科学出版社,2019.12 |
| 159页:图;26cm |
| 中等职业教育“十一五”规划教材 公共课教材系列 |
| ISBN 978-7-03-024682-0:CNY30.00 |
| 本书主要包括乐理和视唱、歌曲演唱、美妙的人声欣赏、歌唱与指挥、中外民歌欣赏、器乐简介与器乐曲欣赏、音乐剧与舞剧欣赏、影视音乐欣赏、经典唱片欣赏等10个章节。 |
| ● |
| 相关链接 |
|
|
|
|
正题名:音乐
索取号:J6/1330
 
预约/预借
| 序号 | 登录号 | 条形码 | 馆藏地/架位号 | 状态 | 备注 |
| 1 | 1343273 | 213432739 | 第一样本阅览室/ [索取号:J6/1330] | 在馆 | |
| 2 | 1343274 | 213432748 | 第一借阅区/ [索取号:J6/1330] | 在馆 | |
| 3 | 1343275 | 213432757 | 第一借阅区/ [索取号:J6/1330] | 在馆 | |
| 4 | 1343276 | 213432766 | 第一借阅区/ [索取号:J6/1330] | 在馆 |